ICE-Halte Hamburg-München - Statistiken

Allgemein
  • Dieses Quiz wurde 1.741 mal gespielt
  • Das Durchschnittsergebnis liegt bei 8 aus 10
Antwortstatistiken
Antwort % Korrekt
Hamburg
95%
München
94%
Nürnberg
92%
Hannover
91%
Kassel-Wilhelmshöhe
82%
Würzburg
74%
Göttingen
72%
Ingolstadt
72%
Fulda
66%
Hamburg-Harburg
62%
Keine übereinstimmenden Quizze gefunden
Verteilung der Resultate
Anzahl Personen mit jedem Resultat
Perzentil nach korrekt beantworteten Fragen
Ihre Resultats-Entwicklung
Sie haben dieses Quiz noch nicht gespielt